LEADER 01120nam 2200313Ia 450 001 996397647403316 005 20221108025111.0 035 $a(CKB)4940000000058600 035 $a(EEBO)2240869090 035 $a(OCoLC)12993892 035 $a(EXLCZ)994940000000058600 100 $a19860109d1641 uy | 101 0 $aeng 135 $aurbn||||a|bb| 200 10$aCaptaine Audley Mervin's speech delivered in the upper house to the Lords in Parliament May 24, 1641$b[electronic resource] $econcerning the judicature of the high court of Parliament 210 $aLondon $cPrinted for R. Royston$d1641 215 $a[2], 17 p 300 $aReproduction of original in Thomason Collection, British Library. 330 $aeebo-0158 607 $aGreat Britain$xHistory$yCharles I, 1625-1649 700 $aMervyn$b Audley$cSir,$fd. 1675.$01004371 801 0$bEAA 801 1$bEAA 801 2$bm/c 801 2$bWaOLN 906 $aBOOK 912 $a996397647403316 996 $aCaptaine Audley Mervin's speech, delivered in the Upper House to the Lords in Parliament May 24. 1641$92344942 997 $aUNISA LEADER 01756nas 2200505 c 450 001 9910896363603321 005 20260218111024.0 024 7 $aurn:nbn:de:hbz:6:1-83982 035 $a(DE-599)ZDB2733876-9 035 $a(OCoLC)1368953205 035 $a(DE-101)1041956428 035 $a(CKB)5700000000338924 035 $a(DE-599)2733876-9 035 $a(EXLCZ)995700000000338924 100 $a20130918b18961896 |y | 101 0 $ager 135 $aur||||||||||| 181 $ctxt$2rdacontent 182 $cc$2rdamedia 183 $acr$2rdacarrier 200 10$aEntwurf des Haushalts-Voranschlags der Stadt Haspe (inkl. Westerbauer)$epro .. 210 31$aHaspe$c[Verlag nicht ermittelbar]$d1896-1896 215 $aOnline-Ressource 300 $aGesehen am 18.09.13 517 1 $aHaushalts-Voranschlages inklusive 606 $aGemeindehaushalt$3(DE-588)4019962-9$3https://d-nb.info/gnd/4019962-9$3(DE-101)040199622$9rswk-swf$2gnd 606 $aHaushaltsplan$3(DE-588)4072349-5$3https://d-nb.info/gnd/4072349-5$3(DE-101)040723496$9rswk-swf$2gnd 606 $aEntwurf$3(DE-588)4121208-3$3https://d-nb.info/gnd/4121208-3$3(DE-101)041212088$9rswk-swf$2gnd 607 $aHaspe$9rswk-swf$2gnd 607 $aWesterbauer$gHagen$9rswk-swf$2gnd 608 $aZeitschrift$2gnd-content 608 $aQuelle$2gnd-content 608 $aQuelle$9rswk-swf$2gnd 608 $aOnline-Publikation$9rswk-swf$2gnd 615 7$aGemeindehaushalt. 615 7$aHaushaltsplan. 615 7$aEntwurf. 676 $a330 801 0$b0006 801 1$bDE-101 801 2$b9999 906 $aJOURNAL 912 $a9910896363603321 996 $aEntwurf des Haushalts-Voranschlags der Stadt Haspe (inkl. Westerbauer)$94219941 997 $aUNINA